000 00670nam a22002537a 4500
003 UA-OsUOA
001 27682
007 ta
008 20040910b un ||||| |||| 00| 0 ukr d
100 _aКенисгсберг А.
090 _a78:929
_bК-33
942 _cBK
040 _aUA-OsUOA
_brus
_cUA-OsUOA
_dUA-OsUOA
245 _aКарл Мария Вебер (1786-1826)
_bПопулярная монография
300 _a112 с.
_bІлюстрації
955 _a0
041 _arus
080 _a78:929
260 _aЛенинград
_bМузыка
_c1981
044 _aRU
250 _n2-е изд., доп.
650 7 _2UDC
999 _c314032
_d314032